| 000 | 00829nam a22002297a 4500 | ||
|---|---|---|---|
| 999 |
_c10275 _d10275 |
||
| 003 | AR-CdUCM | ||
| 008 | 190329b ||||| |||| 00| 0 spa d | ||
| 040 |
_aMUNICIPALIDAD PROVINCIAL DEL CUSCO _cBIBLIOTECA MUNICIPAL DEL CUSCO |
||
| 082 |
_a869.56 / _bSA22C / 1972 |
||
| 100 |
_aSánchez Lihón, Danilo _9846 |
||
| 245 | _aCantos de acllas / | ||
| 260 |
_aLima : _b[s.e], _c1972. |
||
| 300 |
_aTríptico ; _bilustraciones ; _c32 cm. |
||
| 440 |
_aColección de poesía _n : 1 _927041 |
||
| 500 | _aDonación de la familia Nieto. Tríptico artesanal. Viñeta de portada: Hermójenes Janampa. | ||
| 650 |
_aPoesía peruana _9806 |
||
| 650 |
_aPoetas peruanos _91611 |
||
| 650 |
_aPoesía contemporánea _93298 |
||
| 650 |
_aPoesía - Perú - Santiago de Chuco _927042 |
||
| 942 |
_2ddc _cLIBROS |
||
| 945 |
_apjha _d2019-05-14 |
||